|
|
|
|
| LEADER |
00000nam0a2200000 4500 |
| 001 |
139569 |
| 005 |
20260113150230.0 |
| 035 |
|
|
|a (RuTPU)RU\TPU\book\151197
|
| 035 |
|
|
|a RU\TPU\book\55591
|
| 035 |
|
|
|a RU\TPU\book\169944
|
| 035 |
|
|
|a RU\TPU\book\151197
|
| 090 |
|
|
|a 139569
|
| 100 |
|
|
|a 20090330d1956 m y0rusy50 ca
|
| 101 |
0 |
|
|a rus
|
| 102 |
|
|
|a RU
|
| 105 |
|
|
|a ab j 001zy
|
| 200 |
1 |
|
|a Общая геология
|e учебник для вузов
|f М. М. Чарыгин
|
| 210 |
|
|
|a Москва
|c Гостоптехиздат
|d 1956
|
| 215 |
|
|
|a 392 с.
|c ил.
|
| 320 |
|
|
|a Библиогр.: с. 374.
|
| 320 |
|
|
|a Алфавитный указатель: с. 375-390.
|
| 606 |
|
|
|a Геология общая
|9 89097
|
| 610 |
1 |
|
|a кристаллография
|
| 610 |
1 |
|
|a минералогия
|
| 610 |
1 |
|
|a петрография
|
| 610 |
1 |
|
|a тектоника
|
| 610 |
1 |
|
|a физиографическая геология
|
| 610 |
1 |
|
|a Земля
|
| 610 |
1 |
|
|a магнетизм
|
| 610 |
1 |
|
|a химический состав
|
| 610 |
1 |
|
|a происхождение
|
| 610 |
1 |
|
|a выветривания
|
| 610 |
1 |
|
|a подземные воды
|
| 610 |
1 |
|
|a оползни
|
| 610 |
1 |
|
|a земная кора
|
| 610 |
1 |
|
|a движение
|
| 610 |
1 |
|
|a вулканы
|
| 610 |
1 |
|
|a землетрясения
|
| 610 |
1 |
|
|a геотектоника
|
| 610 |
1 |
|
|a учебники
|
| 675 |
|
|
|a 55
|v 3
|
| 700 |
|
1 |
|a Чарыгин
|b М. М.
|g Михаил Михайлович
|
| 801 |
|
1 |
|a RU
|b 63413507
|c 20080609
|g PSBO
|
| 801 |
|
2 |
|a RU
|b 63413507
|c 20220602
|g PSBO
|
| 942 |
|
|
|c BK
|